00549nam a2200169Ia 4500003000900000008004100009040001600050080001500066100002700081245010100108260003700209300002300246650001900269650002400288650002400312650004300336IN-BaIIA211028s9999 xx 000 0 eng d cIIA Library a52-77bPHI aPhilip, Kenelm Winslow 0aPosition measurements on solar continuum sources at decameter wavelengthscKenelm Winslow Philip aUSAbYale University Pressc1963 a[various pagings.] a Ph.D. thesis a Radar astronomy  a Radio astronomy  aAstronomy and astrophysics thesaurus